| 000 | 00710nam a2200289Ia 4500 | ||
|---|---|---|---|
| 005 | 20260324123755.0 | ||
| 008 | 008 260324s9999 xx 000 0 eng d | ||
| 020 | _a9780203134146 | ||
| 037 | _aEBOOK | ||
| 040 | _aCRL | ||
| 040 | _beng | ||
| 040 | _cCRL | ||
| 041 | _2eng | ||
| 041 | _aeng | ||
| 084 | _qCRL | ||
| 100 |
_aEmilio Morales; Joseph Scarpaci _91171601 |
||
| 245 | 0 | _aMarketing without Advertising | |
| 245 | 0 | _bBrand Preference and Consumer Choice in Cuba | |
| 260 | _bTaylor and Francis | ||
| 260 | _c2011 | ||
| 365 | _a | ||
| 365 | _b280 | ||
| 856 | _uhttp://www.taylorfrancis.com/books/9780203134146 | ||
| 942 | _cEBOOK | ||
| 999 |
_c1765400 _d1765400 |
||